000 01030njm a2200325 c 4500
003 BLK
005 20180421002844.0
008 180410b bul||n||s|||||||| n|bulo|
010 _aCDD00010403000
040 _aBLK
041 _aDEU
_cDEU
080 _aСалонни и танцови оркестри. Естраден оркестър. Джаз. Рок
_b785.161
_x
_z785.161
700 1 _aJan Zehrfeld's Panzerballett
_eизп.
_9353882
139 _aJan Zehrfeld's Panzerballett
_bJ 23
245 1 0 _aBreaking Brain [CD аудио]
_cизп. Jan Zehrfeld's Panzerballett.
257 _aDEU
260 Munchen
_bGentle Art of Music
_c2015
300 _c12 cm. Stereo
306 _a55мин. 46сек.
380 _a7
650 4 _aДжаз
_9153283
653 _aджаз
653 _aджаз-рок
653 _aфюжън
852 _aЦб CD 4382
_p0
856 4 _qpdf
_u
856 4 _qpdf
_u
942 _cCDD
_n0
944 _aCR
_c22.08.2017
_kТеодора_Стоянова
944 _aED
_c22.08.2017
_kТеодора_Стоянова
999 _c229688
_d229688